000
00335nam a2200133Ia 4500
008
240624s9999 xx 000 0 und d
041
_a
eng
082
_a
658.4038 HOW
100
_a
HOWARD RONALD A
245
_a
FOUNDATIONS OF DECISION ANALYSIS
260
_c
2016
_a
New Delhi
_b
Pearson
300
_a
829 p.; 23 cm.
365
_c
BPS
_b
28
999
_c
29672
_d
29672